Cities in Different Countries Tile Quiz - Statistics

General Stats
  • This quiz has been taken 18 times
  • The average score is 58 of 80
Answer Stats
Question Tile Select % Correct
Cities in Egypt Ashkelon No
100%
Cities in Egypt Benghazi No
100%
Cities in Egypt Haifa No
100%
Cities in Egypt Port Sudan No
100%
Cities in Iraq Aleppo No
94%
Cities in Iraq Amman No
94%
Cities in Austria Bolzano No
94%
Cities in Iraq Damascus No
94%
Cities in Iraq Dammam No
94%
Cities in Thailand Mandalay No
94%
Cities in Turkey Nakhchivan No
94%
Cities in Egypt Sabha No
94%
Cities in Thailand Taiping No
94%
Cities in Turkey Thessaloniki No
94%
Cities in Austria Trieste No
94%
Cities in Turkey Varna No
94%
Cities in Thailand Vientiane No
94%
Cities in Egypt Alexandria Yes
88%
Cities in Austria Brno No
88%
Cities in Austria Brunswick No
88%
Cities in Turkey Burgas No
88%
Cities in Austria Debrecen No
88%
Cities in Egypt Eilat No
88%
Cities in Turkey Homs No
88%
Cities in Iraq Isfahan No
88%
Cities in Iraq Jeddah No
88%
Cities in Egypt Kassala No
88%
Cities in Austria Košice No
88%
Cities in Austria Maribor No
88%
Cities in Iraq Tabriz No
88%
Cities in Austria Wolfsburg No
88%
Cities in Thailand Yangon No
88%
Cities in Thailand Bangkok Yes
81%
Cities in Turkey Batumi No
81%
Cities in Turkey Karaj No
81%
Cities in Egypt Luxor Yes
81%
Cities in Egypt Misrata No
81%
Cities in Turkey Patras No
81%
Cities in Austria St. Gallen No
81%
Cities in Thailand Temerloh No
81%
Cities in Turkey Ankara Yes
75%
Cities in Thailand Ipoh No
75%
Cities in Turkey Izmir Yes
75%
Cities in Thailand Luang Prabang No
75%
Cities in Iraq Mashhad No
75%
Cities in Thailand Pakse No
75%
Cities in Egypt Port Said Yes
75%
Cities in Austria Vienna Yes
75%
Cities in Egypt Aswan Yes
69%
Cities in Austria Graz Yes
69%
Cities in Turkey Gyumri No
69%
Cities in Iraq Salmiya No
69%
Cities in Egypt Al Fashir No
63%
Cities in Iraq Basra Yes
63%
Cities in Austria Innsbruck Yes
63%
Cities in Iraq Kirkuk Yes
63%
Cities in Austria Linz Yes
63%
Cities in Iraq Mosul Yes
63%
Cities in Austria Salzburg Yes
63%
Cities in Thailand Siem Reap No
63%
Cities in Thailand Chiang Mai Yes
56%
Cities in Iraq Najaf Yes
56%
Cities in Turkey Adana Yes
50%
Cities in Iraq Erbil Yes
50%
Cities in Turkey Gaziantep Yes
50%
Cities in Turkey Mersin Yes
50%
Cities in Thailand Pattaya Yes
50%
Cities in Thailand Udon Thani Yes
50%
Cities in Turkey Bursa Yes
44%
Cities in Iraq Karbala Yes
44%
Cities in Egypt Asyut Yes
38%
Cities in Thailand Chiang Rai Yes
38%
Cities in Austria Villach Yes
38%
Cities in Turkey Konya Yes
31%
Cities in Thailand Nonthaburi Yes
31%
Cities in Thailand Rangsit Yes
31%
Cities in Austria Wels Yes
31%
Cities in Egypt Wadi Halfa Yes
25%
Cities in Egypt Qena Yes
19%
Cities in Iraq Sulaymaniyah Yes
19%
No matching quizzes found
Score Distribution
Percent of People with Each Score
Percentile by Number Answered
Your Score History
You have not taken this quiz